|
|
|
|
| LEADER |
00000nam a22000007a 4500 |
| 005 |
20170308234733.0 |
| 007 |
cr|||| |||| |
| 008 |
170308s2017 es |||||s|||| 00||0 spa d |
| 035 |
|
|
|a 14814
|
| 040 |
|
|
|a vLex
|
| 090 |
|
|
|c 6587
|d 6587
|
| 100 |
1 |
|
|a Gm̤ez de Lara, Fernado
|
| 245 |
1 |
0 |
|a Comentarios a la Ley de adquisiciones, Arrendamientos y Servicios del Sector Pb︢lico
|h [Recurso electrn̤ico] /
|c Fernado Gm̤ez de Lara
|
| 256 |
|
|
|a Servicio en ln̕ea
|
| 260 |
|
|
|a Barcelona:
|b Editorial vLex,
|c 2017
|
| 300 |
|
|
|a 1 recurso electrn̤ico
|
| 506 |
1 |
|
|a Disponible solo en los productos indicados
|d vLex Global
|d vLex Global (Academic Edition, excluding Law Schools)
|d vLex Global (U.S. Academic Edition, Law Schools)
|d vLex Global (U.S. Academic Edition, excluding Law Schools)
|d vLex Global (Academic Edition, Law Schools)
|
| 650 |
0 |
4 |
|a Derecho Pb︢lico y Administrativo
|z Espaą
|
| 740 |
0 |
|
|a vLex Libros (Servicio en ln̕ea)
|
| 856 |
4 |
0 |
|u http://vlex.com/source/comentarios-ley-adquisiciones-arrendamientos-servicios-sector-publico-14814
|z Acceso restringido
|
| 942 |
|
|
|c BOOK
|
| 999 |
0 |
|
|a Public and Administrative Law
|